[Event "Giraldilla de La Habana op"]
[Site "Havana"]
[Date "2018.08.01"]
[Round "7"]
[White "Gutierrez Espinosa, Karen"]
[Black "Martinez Herrera, Alexis"]
[Result "0-1"]
[WhiteElo "2061"]
[BlackElo "1874"]
[PlyCount "44"]
[EventDate "2018.07.28"]
[EventType "swiss"]
[EventRounds "9"]
[EventCountry "CUB"]
[SourceTitle "EXT 2021"]
[Source "ChessBase"]
[SourceDate "2020.10.23"]
[SourceVersion "1"]
[SourceVersionDate "2020.10.23"]
[SourceQuality "1"]

1. e4 g6 2. d4 Bg7 3. Nc3 d6 4. Nf3 Nf6 5. h3 0-0 6. Bd3 c6 7. 0-0 Qc7 8. Bf4 Nbd7 9. Qd2 e5 10. dxe5 dxe5 11. Bh6 Nc5 12. Bxg7 Kxg7 13. Qg5 Re8 14. Nh4 h6 15. Qe3 Ne6 16. g3 Ng5 17. g4 Qd7 18. Ne2 Nxg4 19. hxg4 Qxg4+ 20. Qg3 Qxh4 21. Qxh4 Nf3+ 22. Kg2 Nxh4+ 0-1

[Event "Portela Memorial tt"]
[Site "Havana"]
[Date "2018.07.22"]
[Round "7.4"]
[White "Walker Gomez, Cristobal Newton"]
[Black "Martinez Herrera, Alexis"]
[Result "1-0"]
[WhiteElo "1916"]
[BlackElo "1874"]
[PlyCount "47"]
[EventDate "2018.07.16"]
[EventType "team-tourn"]
[EventRounds "9"]
[EventCountry "CUB"]
[SourceTitle "EXT 2021"]
[Source "ChessBase"]
[SourceDate "2020.10.23"]
[SourceVersion "1"]
[SourceVersionDate "2020.10.23"]
[SourceQuality "1"]

1. e4 g6 2. d4 Bg7 3. c3 b6 4. f4 Bb7 5. e5 e6 6. Nf3 Ne7 7. Bd3 c5 8. 0-0 cxd4 9. Nxd4 a6 10. Nd2 d6 11. Qe2 dxe5 12. fxe5 0-0 13. Nc4 Nc8 14. Bf4 b5 15. Ne3 b4 16. Ng4 bxc3 17. bxc3 g5 18. Nf6+ Bxf6 19. Qh5 Re8 20. Qxh7+ Kf8 21. exf6 Qxf6 22. Be5 Qxf1+ 23. Rxf1 f5 24. Qg7# 1-0

[Event "Portela Memorial tt"]
[Site "Havana"]
[Date "2018.07.16"]
[Round "1.1"]
[White "Martinez Herrera, Alexis"]
[Black "Bencomo Bernal, Luis"]
[Result "1-0"]
[WhiteElo "1874"]
[BlackElo "1967"]
[PlyCount "45"]
[EventDate "2018.07.16"]
[EventType "team-tourn"]
[EventRounds "9"]
[EventCountry "CUB"]
[SourceTitle "EXT 2021"]
[Source "ChessBase"]
[SourceDate "2020.10.23"]
[SourceVersion "1"]
[SourceVersionDate "2020.10.23"]
[SourceQuality "1"]

1. e4 c5 2. Nf3 d6 3. c3 Nc6 4. Bc4 e6 5. 0-0 Nf6 6. d4 d5 7. exd5 exd5 8. Bb5 Be7 9. Ne5 Bd7 10. Nxd7 Qxd7 11. dxc5 Bxc5 12. Bg5 Ne4 13. Bh4 0-0 14. Nd2 Nd6 15. Ba4 Nf5 16. Qg4 Qe6 17. Rfe1 Qg6 18. Qxg6 fxg6 19. Bg5 h6 20. Bf4 g5 21. Be5 Rae8 22. Bc7 Rf7 23. Rxe8+ 1-0

[Event "Descubriendo un Capablanca tt"]
[Site "Havana"]
[Date "2018.??.??"]
[Round "1.1"]
[White "Martinez Herrera, Alexis"]
[Black "Otero Marino, Alain"]
[Result "0-1"]
[WhiteElo "1874"]
[BlackElo "1953"]
[PlyCount "108"]
[EventDate "2018.07.02"]
[EventType "team-tourn"]
[EventRounds "10"]
[EventCountry "CUB"]
[SourceTitle "EXT 2021"]
[Source "ChessBase"]
[SourceDate "2020.10.23"]
[SourceVersion "1"]
[SourceVersionDate "2020.10.23"]
[SourceQuality "1"]

1. e4 e5 2. Nf3 Nc6 3. d4 exd4 4. Bc4 Nf6 5. 0-0 Nxe4 6. Re1 d5 7. Bxd5 Qxd5 8. Nc3 Qa5 9. Nxe4 Be6 10. Neg5 0-0-0 11. Nxe6 fxe6 12. Rxe6 Bd6 13. Bg5 Rdf8 14. Qe2 Qf5 15. Re1 Bc5 16. Bh4 h6 17. Qc4 Bb6 18. Bg3 g5 19. Ne5 Na5 20. Qd5 Rd8 21. Ng6 Qxd5 22. Ne7+ Kb8 23. Nxd5 Rxd5 24. Rxh6 Rdd8 25. Rg6 Rhg8 26. Ree6 Nc4 27. b3 Rxg6 28. Rxg6 Na3 29. Rxg5 Nxc2 30. h4 d3 31. Bf4 a6 32. Bd2 Rf8 33. Rg6 Bxf2+ 34. Kh2 Be3 35. Rg3 Bxd2 36. Rxd3 Bf4+ 37. Kh3 Bd6 38. g4 Ne1 39. Re3 Nc2 40. Rc3 Nd4 41. g5 Rf4 42. g6 Nf5 43. Rc4 Rxc4 44. bxc4 Bf8 45. Kg4 Nxh4 46. Kxh4 b5 47. c5 Kb7 48. Kg5 a5 49. Kf6 Bxc5 50. g7 Bd4+ 51. Kf7 Bxg7 52. Kxg7 c5 53. Kf6 c4 54. Ke5 c3 0-1

[Event "Descubriendo un Capablanca tt"]
[Site "Havana"]
[Date "2018.??.??"]
[Round "3.2"]
[White "Perez Marin, Olivia"]
[Black "Martinez Herrera, Alexis"]
[Result "1/2-1/2"]
[WhiteElo "1749"]
[BlackElo "1874"]
[PlyCount "71"]
[EventDate "2018.07.02"]
[EventType "team-tourn"]
[EventRounds "10"]
[EventCountry "CUB"]
[SourceTitle "EXT 2021"]
[Source "ChessBase"]
[SourceDate "2020.10.23"]
[SourceVersion "1"]
[SourceVersionDate "2020.10.23"]
[SourceQuality "1"]

1. e4 g6 2. d4 Bg7 3. f4 c5 4. Nf3 Qb6 5. c3 cxd4 6. cxd4 Nc6 7. e5 e6 8. Nc3 Nge7 9. Na4 Qc7 10. Bd3 a6 11. 0-0 b5 12. Nc3 Nb4 13. Ne4 0-0 14. Be3 Ned5 15. Qe2 Nxe3 16. Qxe3 Bb7 17. Nd6 Qb6 18. Be4 Bxe4 19. Qxe4 Nd5 20. g4 f6 21. Kh1 fxe5 22. fxe5 Rf4 23. Qd3 Rxg4 24. Rg1 Nb4 25. Qd2 Rxg1+ 26. Rxg1 Qc6 27. Rg3 Nxa2 28. Kg2 Rf8 29. h4 Qc1 30. Qxc1 Nxc1 31. Ng1 Rf4 32. Rc3 Rg4+ 33. Kf2 Bh6 34. Rc8+ Kg7 35. Ne8+ Kf7 36. Nd6+ 1/2-1/2